000 00566nmm a2200205Ia 4500
008 251105s9999||||xx |||||||||||||||||und||
020 _a9788498416657
041 _aspa
100 _aJergovic, Miljenko
245 0 _aFreelander
264 _a[Madrid, España] :
_bSiruela,
_c2012
300 _a172 páginas
490 _aNuevos tiempos
650 _aOther narratives
700 _aJergovic, Miljenko
700 1 _a Garrido Ramos, Luisa Fernanda
700 1 _a Pištelek, Tihomir
856 _uhttps://public.digitaliapublishing.com/a/32065
942 _cCF
999 _c67250
_d67250